000 00363 a2200145 4500
001 169974
020 _a
040 _cMagnum
100 _aSociedade Brasileira de Quimica
240 1 0 _aQuimica nova - janeiro/fevereiro - v.21 - n.1
_lpor
245 1 0 _aQuimica nova - janeiro/fevereiro - v.21 - n.1
362 0 _a1899
697 _aPARADIDATICO
942 _cBK
999 _c169974
_d169974